000 00828nam a22002057a 4500
999 _c1992
_d1992
003 AR-CdUCM
008 190228b ||||| |||| 00| 0 spa d
040 _aMUNICIPALIDAD PROVINCIAL DEL CUSCO
_cBIBLIOTECA MUNICIPAL DEL CUSCO
082 _a343.902 /
_bR71
100 _aRobles Velarde, Elizabeth
_97259
245 _aTributación y rentas municipales :
_bmanual del funcionario municipal /
260 _aCusco :
_bCGPA
_c1996.
300 _a305 páginas ;
_c22 cm.
505 _aConceptos tributarios básicos -- Atribuciones municipales en materia de tributación -- Ingresos municipales -- Impuesto al patrimonio vehicular -- Impuesto de alcabala...
650 _aImpuestos.
_9381
650 _aConceptos tributarios.
_97260
650 _aTributaciones municipales.
_97261
942 _2ddc
_cLIBROS
945 _awgj
_d2019-02-28